Plan sectorial de la zona de patrimonio cultural del municipio de León

Bibliographic Details
Main Author: Nicaragua. Alcaldía Municipal de León
Format: Section = Libro
Language:Undetermined
Spanish
Published: Managua Alcaldía Municipal de León 2017
Subjects:
LEADER 00671nam a2200217Ia 4500
008 240829s9999 xx 000 0 und d
040 |a BIBLIOTECA-RUSB/ 711.4 N583 
041 |a spa 
082 |a 711.4 N583 
100 1 |a Nicaragua. Alcaldía Municipal de León 
245 1 0 |a Plan sectorial de la zona de patrimonio cultural del municipio de León 
260 |a Managua  |b Alcaldía Municipal de León  |c 2017 
300 |a 118 p. :il. 
650 7 |a DESARROLLO URBANO 
650 7 |b  ESPACIOS PUBLICOS-LEON 
650 7 |c  PLANIFICACION URBANA 
650 7 |d  ORDENAMIENTO TERRITORIAL 
650 7 |e  PATRIMONIO CULTURAL-LEON 
942 |c BK  |2 ddc 
991 |a TEXTO 
999 |c 4806